=LDR 00000nam 2200000 4500 =001 INLIS000000000000996 =005 20130612085418 =008 ***********************************Ind** =035 ##$$0010-061300000000996 =041 ##$$a Ind =082 ##$$a F.Rom.K =090 ##$$a F.Rom.K, Had k =100 ##$$a Hadipranjoto, Charis =245 ##$$a Kancil Menolong kambing, Charis Hadipranjoto =260 ##$$a 1997 $b Jakarta =300 ##$$a 9 hlm, ilus, 20 cm =650 ##$$a Fiksi Kanak-KAnak =850 ##$$a NBPNMAT